00341nam a2200121Ia 45000010005000000080041000050820026000461000049000722450039001212600015001609010027001759990017002024301241024s9999 xx 000 0 und d a[*SIN CLASIFICACION*] aUniversidad Autónoma de Santo Domingo UASD 0aConmemoración Gesta Patriótica bUASDc2015 a26/8/2016 5:21:03 p.m. c11476d11476